MDQL
is popping MORE tags! Check the
thread
!
Quizzes
Events
Quiz Creation
Community
Videos
Private Events
Remove Ads
Sign In
Join for FREE
Feedback
Dark Mode
Quiz Categories
Sports
Geography
Music
Movies
Television
Just For Fun
Miscellaneous
History
Literature
Language
Science
Gaming
Entertainment
Religion
Holiday
For Kids
Quiz Lab
Recent
Popular Today
Quiz Kudos Today
Editor Picks
Curator Picks
Quizzes by...
Day
Popularity
Type
Ratings
Length
Year
Community
Subscriptions
Recent Discussions
Orange Saloon
Badges
Playlists
Quests
Create
Leaderboards
Showdown
Live 5
Trivia Bingo
Activity
Puzzle Library
Sporcle Events
Private Events
Virtual Trivia
Globe League
Become a Host
Pub Owners
SporcleCon
Opinionation
Our Games
Videos
Blog
Mobile Apps
Partnerships
Remove Ads and Go Orange
Feedback
Sports
Athletes
MLB
NBA
NHL
NFL
Soccer
Sports Teams
WWE
NCAA
Football
Premier League
Basketball
Baseball
Hockey
Golf
Tennis
Cricket
Rugby
Auto Racing
Olympics
World Cup
Sports
Athletes
MLB
NBA
NHL
NFL
Soccer
Sports Teams
WWE
NCAA
Football
Premier League
Basketball
Baseball
Hockey
Golf
Tennis
Cricket
Rugby
Auto Racing
Olympics
World Cup
Random Quiz
Search Sporcle
×
Quiz Lab
Quiz Lab
Sports
Tag Team
Type in answers that appear in a list
Type in answers that appear in a list
Classic
Best Score? Go Orange.
Wrestling Tag Team Names Stats
Can you name the Wrestling Tag Team?
By
joannajeremy
7m
40 Questions
876 Plays
876 Plays
876 Plays
Comments
Comments
Give Quiz Kudos
Give Quiz Kudos
-
- Ratings
hide this ad
Replay
Link that replays current quiz
Next Quiz
Link to next quiz in quiz playlist
You Got
0%
They Got
Avg Score
59%
Avg Friend Score
Upgrade to see
Score Distribution
Jump to the score distribution portion of the page
Score
0/40
Timer
07:00
0
Plays Today
Wrestlers
Tag Team Name
% Correct
Hawk & Animal
Road Warriors
89.3%
Scott Steiner & Rick Steiner
Steiners
88.4%
Bret Hart & Jim Niedhart
Hart Foundation
87.8%
Shawn Michaels & Marty Jannetty
Rockers
85.7%
Dynamite Kid & Davey Boy Smith
British Bulldogs
83.3%
Kevin Nash & Scott Hall
Outsiders
83%
The Rock & Mankind
Rock and Sock Connection
81.6%
Earthquake & Typhoon
Natural Disasters
81.3%
Booker T. & Stevie Ray
Harlem Heat
81.1%
Undertaker & Kane
Brothers of Destruction
77.7%
Edge & Randy Orton
Rated RKO
76.7%
Scotty 2 Hotty & Grandmaster Sexay
Too Cool
73.9%
Ted Dibiase & I.R.S.
Money Inc.
73.3%
Arn Anderson & Tully Blanchard
Brainbusters
72.7%
Velvet Sky & Angelina Love
The Beautiful People
70.5%
Steve Austin & Brian Pillman
Hollywood Blondes
69.7%
Luke & Butch
Bushwhackers
68%
Ricky Morton & Robert Gibson
Rock and Roll Express
67.1%
Tyson Kidd & David Hart Smith
The Hart Dynasty
66.6%
Skip & Zip
Body Donnas
64.4%
Wrestlers
Tag Team Name
% Correct
Stan Lane & Bobby Eaton
Midnight Express
62.3%
Big Boss Man & Akeem
Twin Towers
61.1%
Mulligan & Lanza
The Blackjacks
59%
Tito Santana & Rick Martel
Strike Force
54.9%
Ron Simmons & Butch Reed
Doom
54.6%
Paul Roma & Hercules
Power and Glory
52.6%
James Storm & Chris Harris
AMW
50.9%
Perry Saturn & John Kronus
Eliminators
48.9%
Owen Hart & Koko B. Ware
High Energy
47%
Greg Valentine & Brutus Beefcake
Dream Team
45.9%
Lance Storm & Justin Credible
Impact Players
43.7%
Sid Vicious & Danny Spivey
Skyscrapers
42.9%
Davey Boy Smith & Lex Luger
Allied Powers
42.8%
Mike Rotundo & Barry Windham
U.S. Express
41%
Bobby Fulton & Tommy Rogers
The Fantastics
29.3%
Larry Zbyszco & Arn Anderson
Enforcers
28.8%
Greg Gagne & Jim Brunzell
High Flyers
25.8%
Tracey Smothers & Steve Armstrong
Young Pistols
24.8%
Steve Williams & Terry Gordy
Miracle Violence Connection
17.7%
Eddy Guerrero & Art Barr
Los Gringos Locos
17.1%
Quiz Playlist
Details
Report
Send in Message
Add To Playlist
Classic:
Type in answers that appear in a list
Last Updated: Feb 16, 2017
Quiz Scoreboard
CHALLENGE
Sign Up to Join the Scoreboard
Show All
Scores
Hide
Comments
May contain spoilers
Recently Published
Street Fighter Characters
by Artimus82
Gaming
60s
9x9 Crossword: Cartoon Network
by jackfrog10
Miscellaneous
3m
College Basketball Coaching Resumes
by pancakes188
Sports
9m
More to Explore
Quiz From the Vault
Featured Blog Post
Where Did the Easter Bunny Come From?
hide this ad
You Might Also Like...
Tags
tag
Tag Team
team
Wrestlers
Wrestling
Today's Top Quizzes in Sports
Browse Sports
hide this ad
Today's Top Quizzes in Tag Team
Browse Tag Team
Top Contributed Quizzes in Sports
1
2022 World Cup Stars
2
Les meilleurs buteurs des matchs entre le PSG et l’OM
3
FIFA Club World Cup Champions
4
Les entraîneurs de l'OM et du PSG au 21e siècle
5
Criteria MLB: Left Handed Sluggers
6
2023 MLB Unique Player Accomplishments
7
AFC Teams Reveal (Wrong Answers Minefield)
8
5-to-1: FBS Animal Nicknames
9
Players with Multiple 50 Home Run Seasons
10
5-to-1: UK Sports Teams
Explore More
Trending Topics
Marvel
Crossword
Disney
Harry Potter
NBA
Kpop
Anime
Country
Song
NFL
The Office
Pokémon
Soccer
Puzzle
WWE
hide this ad
More By:
joannajeremy
Quiz
Plays
Rating
Category
Featured
Created
Multi-Promotional Wrestling Champions
3,767
1.57
Entertainment
Dec 27, 2009
Wrestling Tag Team Partners
2,519
4.00
Entertainment
Dec 28, 2009
WWE Different Champions
1,915
2.80
Sports
Oct 12, 2016
MMA Knockout/TKO Fights
1,803
3.73
Sports
Oct 31, 2009
Lynyrd Skynyrd Songs
1,434
5.00
Music
Nov 1, 2009
Go to Creator's Profile
Score Distribution
Quiz Creator Spotlight
joannajeremy
Follow
Send a Message
Quizzes Created
-
Created Quiz Play Count
-
More By This Creator
Popular Quizzes Today
1
Find the US States - No Outlines Minefield
2
Find the Countries of Europe - No Outlines Minefield
3
The Countries of the World
4
Find the US States
5
Risky Map Clicking: Biggest States A-Z
6
US States
7
Popular People in 1961
8
Movies - When Are They Set?
More Sports Quizzes
NFL Starting Defensive Lineups: Pittsburgh Steelers
Quiz Lab
Trending Quizzes
Risky Map Clicking: Least Populous States A-Z
Countries of the World: 200 Million BC
1-10 Letter G Words
Risky Map Clicking: Next State Alphabetically
Adjectives in 80s TV Shows
Recently Updated
Leaping Animals
pecheneg
Reality TV Shows (A-Z)
bhenderson79
Rickey Henderson's Hall of Fame Teammates
pecheneg
Champions League XIs: Arsenal
pecheneg
Quick Pick: Celebrities in WWE's Hall of Fame
aduchscher
A-Z Keypad Blitz II
pecheneg
Multiple Oscar Actors
pecheneg
Mystery Phrase Blitz: Oscar 'Best Actors'
pecheneg
F. Scott Fitzgerald Novels
LTH
Pick 3 Villains
ddd62291
Trending Topics
Kpop
Marvel
NBA
Disney
Anime
Crossword
Harry Potter
Country
Song
The Office
Pokémon
WWE
Puzzle
NFL
Soccer
Your Account Isn't Verified!
In order to create a playlist on Sporcle, you need to verify the email address you used during registration. Go to your
Sporcle Settings
to finish the process.
Report this User
Report this user for behavior that violates our
Community Guidelines
.
Details:
Send Report
Go to the Sporcle.com Mobile Site →
Comments